| 000 | 00994cam a2200229 4500 | ||
|---|---|---|---|
| 008 | 030120n2002 000 0 eng u | ||
| 020 | _a9221095193 | ||
| 035 | _a(Sirsi) u121061 | ||
| 041 | _aeng. | ||
| 050 |
_a658.46 _c18 |
||
| 100 |
_aKubr, Martin _xEditor |
||
| 245 | _aManagement consulting: a guide to the profession | ||
| 250 | _a4th ed. | ||
| 260 |
_aGeneva _bUnited Nations International Labour Organisation _c2002 |
||
| 300 |
_axxiii, 904p. _c26cm. |
||
| 350 | _a50 | ||
| 520 | _aOffers an extensive introduction to management consulting: its nature, professional standards, intervention methods, behavioural rules, current developments and future perspectives. Among the new topics covered, from a consultant's perspective, include: e-business, knowledge management, total quality management, corporate governance, and public administration. | ||
| 650 |
_aManagement consultancy _96255 |
||
| 650 | _aMANAGEMENT | ||
| 690 | _aMANAGEMENT-BUSINESS MANAGEMENT | ||
| 942 | _n0 | ||
| 999 |
_c102618 _d102618 |
||